000 00761nam a22002177a 4500
003 UA-OsUOA
001 58841
007 ta
008 20090302b un ||||| |||| 00| 0 ukr d
100 _aПавлова І.
090 _a94(477)
_bП12
942 _cSA
040 _aUA-OsUOA
_bukr
_cUA-OsUOA
_dUA-OsUOA
245 _aОгламурений сталінізм. Російський історик Ірина Павлова вважає, що кампанія зі звеличення "вождя народів" - це добре спланована спецоперація
300 _aС.4
955 _a0
041 _aukr
080 _a94(477)
773 0 _w58840
650 7 _a9 Географія. Біографії. Історія
_2UDC
999 _c344923
_d344923